The use rice bran with spinach leaves rice bran with cassavaleaves and rice bran with lid tree leaves on tha growth of ctenopharyngodo idella culture in hapa; ការប្រើប្រាស់ចំណីកន្ទក់ជាមួយស្លឹកត្រកួន កន្ទក់ជាមួយស្លឹកដំឡូងមី និងកន្ទក់ជាមួយស្លឹកកន្ធំថេតទៅលើការលូតលាស់របស់ ត្រីកាបស៊ីស្មៅនៅក្នុងហាប៉ា. (Record no. 4175)
[ view plain ]
| 000 -LEADER | |
|---|---|
| fixed length control field | 00975nam a22001577a 4500 |
| 003 - CONTROL NUMBER IDENTIFIER | |
| control field | OSt |
| 005 - DATE AND TIME OF LATEST TRANSACTION | |
| control field | 20151207154123.0 |
| 008 - FIXED-LENGTH DATA ELEMENTS--GENERAL INFORMATION | |
| fixed length control field | 151207b xxu||||| |||| 00| 0 eng d |
| 040 ## - CATALOGING SOURCE | |
| Transcribing agency | RUA |
| 082 ## - DEWEY DECIMAL CLASSIFICATION NUMBER | |
| Classification number | FIS PHA 2005 B177 Or.1 |
| 100 ## - MAIN ENTRY--PERSONAL NAME | |
| 9 (RLIN) | 4475 |
| Personal name | PHANG SERIVATHNAK; ផាង សេរីវឌ្ឍនៈ |
| 245 ## - TITLE STATEMENT | |
| Title | The use rice bran with spinach leaves rice bran with cassavaleaves and rice bran with lid tree leaves on tha growth of ctenopharyngodo idella culture in hapa; ការប្រើប្រាស់ចំណីកន្ទក់ជាមួយស្លឹកត្រកួន កន្ទក់ជាមួយស្លឹកដំឡូងមី និងកន្ទក់ជាមួយស្លឹកកន្ធំថេតទៅលើការលូតលាស់របស់ ត្រីកាបស៊ីស្មៅនៅក្នុងហាប៉ា. |
| 260 ## - PUBLICATION, DISTRIBUTION, ETC. (IMPRINT) | |
| Place of publication, distribution, etc. | Phnom Penh |
| Name of publisher, distributor, etc. | RUA |
| Date of publication, distribution, etc. | 2005 |
| 300 ## - PHYSICAL DESCRIPTION | |
| Extent | ix; 38p. |
| Other physical details | ill. |
| Dimensions | 29cm. |
| 942 ## - ADDED ENTRY ELEMENTS (KOHA) | |
| Source of classification or shelving scheme | |
| Koha item type | FIS |
| Price effective from | Date last seen | Permanent Location | Not for loan | Date acquired | Source of classification or shelving scheme | Koha item type | Lost status | Withdrawn status | Date last checked out | Total Checkouts | Shelving location | Damaged status | Barcode | Current Location | Full call number |
|---|---|---|---|---|---|---|---|---|---|---|---|---|---|---|---|
| 2015-12-07 | 2017-11-01 | Library Block B | 2015-12-07 | FIS | 2017-10-16 | 1 | B177 | RUA010809 | Library Block B | FIS PHA 2005 B177 Or.1 | |||||
| 2015-12-07 | 2015-12-07 | Library Block B | 2015-12-07 | FIS | B177 | RUA011325 | Library Block B | FIS PHA 2005 B177 Or.2 | |||||||
| 2015-12-07 | 2016-02-24 | Library Block B | 2015-12-07 | FIS | 2016-02-01 | 1 | B177 | RUA011258 | Library Block B | FIS PHA 2005 B177 Or.3 | |||||
| 2015-12-07 | 2023-11-07 | Library Block B | 2015-12-07 | FIS | 2023-10-30 | 2 | B177 | RUA011473 | Library Block B | FIS PHA 2005 B177 Or.4 | |||||
| 2015-12-07 | 2015-12-07 | Library Block B | 2015-12-07 | FIS | B177 | RUA011951 | Library Block B | FIS PHA 2005 B177 Or.5 | |||||||
| 2015-12-07 | 2015-12-07 | Library Block B | 2015-12-07 | FIS | B177 | RUA011253 | Library Block B | FIS PHA 2005 B177 Or.6 |